000
003160000a22001450004500
003
MACL
040
_a
MACL
090
_c
33302
_d
33300
100
_a
Mukhi's, Vijay
245
_a
Pracle 6.0 The basic
260
_b
BP B Publications
_c
1993
350
_a
150
650
_a
Computer probraming
942
_c
BOOK
_k
005/lam
999
_c
32952
_d
32952